Personnages de la mythologie grecque - Statistiques

Statistiques générales
  • Ce quiz a été pris 595 fois
  • Le résultat moyen est 22 sur 29
Statistiques - réponses
Indices, Attributs Réponse % Correct
Déesse de l'intelligence et de la stratégie militaire Athéna
94%
Jeune guerrier, il a été puni à accomplir 12 travaux Héraclès
94%
Maître des océans Poséidon
94%
Maître des Cieux Zeus
94%
Dieu de la guerre Arès
93%
Déesse de l'amour et de la beauté Aphrodite
92%
Maître des enfers Hadès
92%
Épouse de Zeus et reine des Olympiens Héra
92%
Messager des dieux Hermès
91%
Son seul point faible était son talon Achille
90%
La Terre Gaïa
90%
Déesse de la Chasse (la jumelle) Artémis
87%
Dieu de la musique, de la médecine et des prophéties (le jumeau) Apollon
86%
Dieu du feu et de l'artisanat Héphaïstos
86%
Sa femme, Pénélope, l'aura attendu 20 ans Ulysse
82%
Déesse de la Fertilité et de l'Agriculture Déméter
79%
Il a tué son père avec une faucille en silex Cronos
73%
A combattu contre le minotaure dans un labyrinthe Thésée
73%
Le Ciel Ouranos
72%
Déesse du foyer Hestia
69%
Dotés d'un seul œil et d'une grande force, ils sont au nombre de 3 Cyclopes
68%
Au nombre de 9, elles représentent les différents arts et sciences et sont filles de Mnémosyne Muses
67%
Enfants de Gaïa, ils sont 6 filles et 6 garçons Titans et Titanides
66%
Héros du fameux mythe de Méduse, c'est aussi un demi-dieu Persée
65%
Mari d'Eurydice, il tenta de la ramener des enfers grâce au pouvoir de la musique Orphée
63%
Élément à la base de tout Chaos
55%
Ont 100 bras et 50 têtes Géants à Cent-Mains
40%
À des cornes en forme de crabe, père de toutes les créatures de l'océan Pontos
7%
Alternative au mythe grec de la création de l'univers L'œuf cosmique
2%
Aucun quiz correspondant
Distribution des résultats
% des personnes avec chaque résultat
Percentile par nombre de réponses
Votre historique - résultats
Vous n’avez pas pris ce quiz